<?xml version="1.0" encoding="UTF-8"?>
<record
    xmlns:xsi="http://www.w3.org/2001/XMLSchema-instance"
    xsi:schemaLocation="http://www.loc.gov/MARC21/slim http://www.loc.gov/standards/marcxml/schema/MARC21slim.xsd"
    xmlns="http://www.loc.gov/MARC21/slim">

  <leader>01655nam a2200313 a 4500</leader>
  <controlfield tag="005">20240902131857.0</controlfield>
  <controlfield tag="008">170926s2006    ag ||||g |||| 001 0 spa d</controlfield>
  <datafield tag="020" ind1=" " ind2=" ">
    <subfield code="a">9500109891</subfield>
  </datafield>
  <datafield tag="041" ind1=" " ind2=" ">
    <subfield code="a">spa</subfield>
  </datafield>
  <datafield tag="092" ind1=" " ind2=" ">
    <subfield code="c">371.33</subfield>
    <subfield code="l">14</subfield>
    <subfield code="s">CUE</subfield>
  </datafield>
  <datafield tag="245" ind1=" " ind2=" ">
    <subfield code="a">Cuentos policiales argentinos.</subfield>
    <subfield code="b">Antolog&#xED;a /</subfield>
    <subfield code="c">Roberto Arlt</subfield>
  </datafield>
  <datafield tag="250" ind1=" " ind2=" ">
    <subfield code="a">1a ed.</subfield>
    <subfield code="b">Dir. Palermo Alejandro</subfield>
  </datafield>
  <datafield tag="260" ind1=" " ind2=" ">
    <subfield code="a">Buenos Aires: </subfield>
    <subfield code="b">Estrada;</subfield>
    <subfield code="c">2006.</subfield>
  </datafield>
  <datafield tag="300" ind1=" " ind2=" ">
    <subfield code="a">128 p.</subfield>
    <subfield code="c">19x14cm</subfield>
  </datafield>
  <datafield tag="500" ind1=" " ind2=" ">
    <subfield code="a">Arlt, R. et al. (2006). Cuentos policiales argentinos. Antolog&#xED;a. (1a ed.). Buenos Aires : Estrada.</subfield>
  </datafield>
  <datafield tag="505" ind1=" " ind2=" ">
    <subfield code="a">Los or&#xED;genes del relato policial suelen ubicarse a mediados del siglo XIX, cuando el escritor estadounidense Edgar Allan Poe crea al detective Auguste Dupin. A partir de entonces, el g&#xE9;nero policial ha contribuido a renovar la literatura. Al principio, busc&#xF3; un lector desconfiado, que intenta llegar a una respuesta para resolver un misterio antes de que termine el relato. M&#xE1;s adelante, se dirigi&#xF3; a un p&#xFA;blico que constantemente se hace preguntas acerca de los l&#xED;mites y las apariencias del mundo en que vive. Esta antolog&#xED;a es una invitaci&#xF3;n para leer a los m&#xE1;s destacados autores del cuento policial en la Argentina. </subfield>
  </datafield>
  <datafield tag="590" ind1=" " ind2=" ">
    <subfield code="a">Proyecto 4to libro, donacion Moraga Fernanda, septiembre 2017.</subfield>
  </datafield>
  <datafield tag="655" ind1=" " ind2=" ">
    <subfield code="a">Cuentos</subfield>
    <subfield code="9">2945</subfield>
  </datafield>
  <datafield tag="700" ind1="1" ind2=" ">
    <subfield code="a">Arlt, Roberto</subfield>
    <subfield code="9">2946</subfield>
  </datafield>
  <datafield tag="700" ind1="1" ind2=" ">
    <subfield code="a">Walsh, Rodolfo</subfield>
    <subfield code="9">2947</subfield>
  </datafield>
  <datafield tag="700" ind1="1" ind2=" ">
    <subfield code="a">Piglia, Ricardo</subfield>
    <subfield code="9">2948</subfield>
  </datafield>
  <datafield tag="700" ind1="1" ind2=" ">
    <subfield code="a">De Santis, Pablo</subfield>
    <subfield code="9">2949</subfield>
  </datafield>
  <datafield tag="700" ind1="1" ind2=" ">
    <subfield code="a">Ayala Gauna, Velmiro</subfield>
    <subfield code="9">2950</subfield>
  </datafield>
  <datafield tag="700" ind1="1" ind2=" ">
    <subfield code="a">Bajarlia, Juan-Jacobo</subfield>
    <subfield code="9">2951</subfield>
  </datafield>
  <datafield tag="700" ind1="1" ind2=" ">
    <subfield code="a">Battista, Vicente</subfield>
    <subfield code="9">2952</subfield>
  </datafield>
  <datafield tag="700" ind1="1" ind2=" ">
    <subfield code="a">Goligorsky, Eduardo</subfield>
    <subfield code="9">2953</subfield>
  </datafield>
  <datafield tag="930" ind1=" " ind2=" ">
    <subfield code="a">3947</subfield>
  </datafield>
  <datafield tag="942" ind1=" " ind2=" ">
    <subfield code="2">ddc</subfield>
    <subfield code="c">BK</subfield>
  </datafield>
  <datafield tag="999" ind1=" " ind2=" ">
    <subfield code="c">2477</subfield>
    <subfield code="d">2477</subfield>
  </datafield>
  <datafield tag="952" ind1=" " ind2=" ">
    <subfield code="0">0</subfield>
    <subfield code="1">0</subfield>
    <subfield code="2">ddc</subfield>
    <subfield code="4">0</subfield>
    <subfield code="7">0</subfield>
    <subfield code="8">NFIC</subfield>
    <subfield code="a">BFM</subfield>
    <subfield code="b">BFM</subfield>
    <subfield code="c">CR</subfield>
    <subfield code="d">2017-09-26</subfield>
    <subfield code="e">Donaci&#xF3;n Moraga, Fernanda. Septiembre 2017</subfield>
    <subfield code="l">4</subfield>
    <subfield code="m">3</subfield>
    <subfield code="o">371.33 12 CUE</subfield>
    <subfield code="p">3947</subfield>
    <subfield code="r">2025-04-30</subfield>
    <subfield code="s">2024-12-20</subfield>
    <subfield code="t">Ej.1</subfield>
    <subfield code="w">2017-09-26</subfield>
    <subfield code="y">LIT</subfield>
    <subfield code="z">Proyecto 4to Libro. Donaci&#xF3;n Moraga, Fernanda. Septiembre 2017</subfield>
  </datafield>
</record>
